Lieux de Paris - Statistiques

Statistiques générales
  • Ce quiz a été pris 864 fois
  • Le résultat moyen est 10 sur 13
Statistiques - réponses
Arrt. ... Réponse % Correct
16/17ème Arc de Triomphe
99%
1er Musée du Louvre
97%
4ème Cathédrale Notre-Dame-de-Paris
95%
-- Bois de Boulogne
93%
14ème Tour Montparnasse
92%
18ème Basilique du Sacré-Coeur
89%
20ème Cimetière du Père Lachaise
88%
-- Bois de Vincennes
87%
7ème Tour Eiffel
80%
Quartier hors-Paris Arche de la Defense
75%
8ème Palais de l'Elysée
52%
19ème Parc de Buttes-Chaumont
51%
5ème Le Panthéon
47%
Aucun quiz correspondant
Distribution des résultats
% des personnes avec chaque résultat
Percentile par nombre de réponses
Votre historique - résultats
Vous n’avez pas pris ce quiz